| 000 | 00448nam a2200157 i 4500 | ||
|---|---|---|---|
| 001 | 78092 | ||
| 003 | ES-MaACL | ||
| 005 | 20230906173534.0 | ||
| 007 | t| | ||
| 008 | 041011s1906 xxk ||||1| eng d | ||
| 100 | 1 |
_aHarrison, Jane Ellen. _961934 |
|
| 245 | 1 | 0 |
_aPrimitive Athens as described by Thucydides / _cJane Ellen Harrison. |
| 260 |
_aCambridge : _bUniversity Press, _c1906. |
||
| 300 |
_aXII, 168 p. ; _c22 cm. |
||
| 852 |
_aES-MaACL _jF-547 |
||
| 999 |
_c78092 _d78092 |
||